书目信息 |
| 题名: |
教育政策学
|
|
| 作者: | 孙绵涛 主编 | |
| 分册: | ||
| 出版信息: | 北京 中国人民大学出版社 2010 |
|
| 页数: | 275页 | |
| 开本: | 23cm | |
| 丛书名: | ||
| 单 册: | ||
| 中图分类: | G510 | |
| 科图分类: | ||
| 主题词: | 教育政策--政策科学--教材 | |
| 电子资源: | ||
| ISBN: | 978-7-300-11490-3 | |
| 000 | 00728n|m0 2200217 450 | |
| 001 | 1569097810 | |
| 005 | 20150131191151.53 | |
| 010 | @a978-7-300-11490-3@dCNY29.00 | |
| 100 | @a20100305d2010 em y0chiy50 ea | |
| 101 | 0 | @achi |
| 102 | @aCN@b110000 | |
| 105 | @ay z 000yy | |
| 200 | 1 | @a教育政策学@9jiao yu zheng ce xue@f孙绵涛主编 |
| 210 | @a北京@c中国人民大学出版社@d2010 | |
| 215 | @a275页@d23cm | |
| 330 | @a本书共分为七章,主要内容包括:教育政策学概述、教育政策概述、中外教育政策简论、教育政策制定、教育政策执行、教育政策评价、教育政策分析等。 | |
| 606 | 0 | @a教育政策@x政策科学@j教材 |
| 690 | @aG510@v5 | |
| 701 | 0 | @a孙绵涛@9sun mian tao@f(1949.4~)@4主编 |
| 801 | 0 | @aCN@bTSSF@c20150131 |
| 905 | @aZUCC@dG510@eJY2 | |
| 教育政策学/孙绵涛主编.-北京:中国人民大学出版社,2010 |
| 275页;23cm |
| ISBN 978-7-300-11490-3:CNY29.00 |
| 本书共分为七章,主要内容包括:教育政策学概述、教育政策概述、中外教育政策简论、教育政策制定、教育政策执行、教育政策评价、教育政策分析等。 |
| ● |
| 相关链接 |
|
|
|
|
正题名:教育政策学
索取号:G510/JY2
 
预约/预借
| 序号 | 登录号 | 条形码 | 馆藏地/架位号 | 状态 | 备注 |
| 1 | 7857636 | 278576364 | 学院路分馆/ [索取号:G510/JY2] | 在馆 |